000 00768cam a22002533a 4500
001 329
003 PGUSA
005 20140828082946.0
008 950901s1995||||xxu|||||s|||||000 1 eng d
040 _aPGUSA
_beng
042 _adc
050 4 _aPR
100 1 _aStevenson, Robert Louis,
_d1850-1894
245 1 0 _aIsland Nights' Entertainments
_h[electronic resource] /
_cRobert Louis Stevenson
260 _bProject Gutenberg,
_c1995
505 0 _aThe beach of Falesá -- The bottle imp -- The isle of voices.
506 _aPublic domain in the USA.
516 _aElectronic text
653 _aIslands of the Pacific -- Fiction
653 _aShort stories
830 0 _aProject Gutenberg
_v329
856 4 0 _uhttp://www.gutenberg.org/ebooks/329
942 _cEB
999 _c229680
_d229680